The Happy Hsiungs

Detaylı Bibliyografya
Yazar: Yeh
Materyal Türü: Elektronik Ekitap
Dil:English
Baskı/Yayın Bilgisi: Hong Kong University Press, HKU
Konular:
Online Erişim:Full text available on Project MUSE [8/7/14]
Off-campus access
LEADER 01039pam a2200253 a 4500
001 AALebookProjectMUSE024889
003 BD-DhAAL
006 m||||||||d||||||||
007 cr||||||||||||
008 221121s9999 xxuabf fo j 001 0 eng d
020 |a 9789888208173 
020 |a 9789888268580 
040 |a BD-DhAAL  |c BD-DhAAL 
100 1 |a Yeh 
245 0 0 |h [electronic resource]  |a The Happy Hsiungs 
260 |b Hong Kong University Press, HKU 
300 |a 1 online resource 
500 |a <strong>Off-Campus Access:</strong> Athens ID and Password Required 
500 |a <strong>On-Campus Access:</strong> No User ID or Password Required 
506 |a Electronic access restricted to authorized BRAC University faculty, staff and students 
538 |a Mode of access: Internet 
655 7 |a Electronic books  |2 Library of Congress 
856 4 0 |z Full text available on Project MUSE [8/7/14]  |u https://muse.jhu.edu/book/32969 
856 4 0 |z Off-campus access  |u https://go.openathens.net/redirector/bracu.ac.bd?url=https%3A%2F%2Fmuse.jhu.edu%2Fbook%2F32969